Novela IAS 1 a jej vplyv na obsah a štruktúru účtovnej závierky

Informácia o novele štandardu IAS 1.

Saved in:
Bibliographic Details
Main Author: Tumpach, Miloš, 1970-
Other Authors: Užík, Ján, 1969-, Podmanická, Martina, 1977-
Format: Book Chapter
Language:Slovak
Subjects:
Tags: Add Tag
No Tags, Be the first to tag this record!

MARC

LEADER 00000naa a2200000 4500
001 0205824
005 20240502073427.9
041 0 |a slo 
044 |a SK 
245 1 0 |a Novela IAS 1 a jej vplyv na obsah a štruktúru účtovnej závierky  |c Miloš Tumpach, Ján Užík, Martina Podmanická 
520 |a Informácia o novele štandardu IAS 1. 
610 2 0 |a štandardy účtovné medzinárodné 
610 2 0 |a závierka účtovná 
610 2 0 |a novelizácia 
100 1 |a Tumpach, Miloš, 1970- 
700 1 |a Užík, Ján, 1969- 
700 1 |a Podmanická, Martina, 1977-